KOHA-Header-6

Parallel Processing (Record no. 6650)

000 -LEADER
fixed length control field 00249nam a2200109Ia 4500
100 ## - MAIN ENTRY--AUTHOR NAME
Personal name Hull,M.E.C.
245 #0 - TITLE STATEMENT
Title Parallel Processing
260 ## - PUBLICATION, DISTRIBUTION, ETC. (IMPRINT)
Place of publication England
Name of publisher Pearson
Year of publication 1994
300 ## - PHYSICAL DESCRIPTION
Number of Pages 328
942 ## - ADDED ENTRY ELEMENTS (KOHA)
Koha item type Books
Holdings
Withdrawn status Lost status Collection code Permanent Location Current Location Shelving location Date acquired Full call number Accession Number Koha item type
    Computer Science MAJU MAJU   2019-09-11 004.35 39 Computer Science

Powered by Koha